Domonkos-kódex 1517: a nyelvemlék hasonmása és betűhű átirata bevezetéssel és jegyzetekkel
| Format: | Print Book |
|---|---|
| Language: | Hungarian |
| Subito Delivery Service: | Order now. |
| Check availability: | HBZ Gateway |
| WorldCat: | WorldCat |
| Interlibrary Loan: | Interlibrary Loan for the Fachinformationsdienste (Specialized Information Services in Germany) |
| Published: |
Budapest
Magyar Nyelvtudományi Társaság
1990
|
| In: |
Régi magyar kódexek (9)
Year: 1990 |
| Series/Journal: | Régi magyar kódexek
9 |
| Standardized Subjects / Keyword chains: | B
Dominikus, Saint 1170-1221
/ Codex
/ Geschichte 1517
B Hungarian language / Linguistic monument / Geschichte 1517 |
| Further subjects: | B
Dominic Saint (1170-1221)
B Hungarian language Early modern, 1500-1700 Sources B Dominicans History Sources B Manuscripts, Hungarian Facsimiles B Spring |
MARC
| LEADER | 00000cam a2200000 c 4500 | ||
|---|---|---|---|
| 001 | 018491847 | ||
| 003 | DE-627 | ||
| 005 | 20251219203236.0 | ||
| 007 | tu | ||
| 008 | 920708s1990 hu ||||| 00| ||hun c | ||
| 010 | |a 2008472975 | ||
| 020 | |a 963040513X |9 963-04-0513-X | ||
| 035 | |a (DE-627)018491847 | ||
| 035 | |a (DE-576)9018491845 | ||
| 035 | |a (DE-599)GBV018491847 | ||
| 035 | |a (OCoLC)63019620 | ||
| 035 | |a (DE-604)BV008312035 | ||
| 040 | |a DE-627 |b ger |c DE-627 |e rakwb | ||
| 041 | |a hun | ||
| 044 | |c XA-HU | ||
| 050 | 0 | |a BX4700.D7 | |
| 082 | 0 | |a 200.9 |q DE-604 |2 22/ger | |
| 082 | 0 | |a 417.7 |q DE-604 |2 22/ger | |
| 084 | |a 7,52 |2 ssgn | ||
| 084 | |a 1 |2 ssgn | ||
| 084 | |a 18.83 |2 bkl | ||
| 084 | |a 17.15 |2 bkl | ||
| 084 | |a 17.06 |2 bkl | ||
| 245 | 0 | 0 | |a Domonkos-kódex 1517 |b a nyelvemlék hasonmása és betűhű átirata bevezetéssel és jegyzetekkel |
| 264 | 1 | |a Budapest |b Magyar Nyelvtudományi Társaság |c 1990 | |
| 300 | |a 659 S | ||
| 336 | |a Text |b txt |2 rdacontent | ||
| 337 | |a ohne Hilfsmittel zu benutzen |b n |2 rdamedia | ||
| 338 | |a Band |b nc |2 rdacarrier | ||
| 490 | 1 | |a Régi Magyar kódexek |v 9 | |
| 583 | 1 | |a Archivierung prüfen |c 20200919 |f DE-640 |z 1 |2 pdager | |
| 583 | 1 | |a Archivierung prüfen |c 20240324 |f DE-4165 |z 1 |2 pdager | |
| 600 | 1 | 0 | |a Dominic |c Saint |d 1170-1221 |
| 610 | 1 | 0 | |a Dominicans |x History |v Sources |
| 650 | 0 | |a Hungarian language |y Early modern, 1500-1700 |v Sources | |
| 650 | 0 | |a Manuscripts, Hungarian |v Facsimiles | |
| 655 | 7 | |a Quelle |0 (DE-588)4135952-5 |0 (DE-627)105661236 |0 (DE-576)209665084 |2 gnd-content | |
| 689 | 0 | 0 | |d p |0 (DE-588)118526642 |0 (DE-627)079327702 |0 (DE-576)20889991X |2 gnd |a Dominikus |c Heiliger |d 1170-1221 |
| 689 | 0 | 1 | |d s |0 (DE-588)4148186-0 |0 (DE-627)104544139 |0 (DE-576)209762535 |2 gnd |a Codex |
| 689 | 0 | 2 | |q z |2 gnd |a Geschichte 1517 |
| 689 | 0 | |5 DE-101 | |
| 689 | 1 | 0 | |d s |0 (DE-588)4120374-4 |0 (DE-627)105777021 |0 (DE-576)209534605 |2 gnd |a Ungarisch |
| 689 | 1 | 1 | |d s |0 (DE-588)4332852-0 |0 (DE-627)148053637 |0 (DE-576)211335592 |2 gnd |a Sprachdenkmal |
| 689 | 1 | 2 | |q z |2 gnd |a Geschichte 1517 |
| 689 | 1 | |5 (DE-627) | |
| 830 | 0 | |a Régi magyar kódexek |v 9 |9 9 |w (DE-627)182289850 |w (DE-576)056277652 |w (DE-600)1194195-9 |x 0237-644X |7 am | |
| 889 | |w (DE-576)056299230 | ||
| 889 | |w (DE-627)1126299235 | ||
| 935 | |a mteo | ||
| 935 | |i mdedup | ||
| 936 | b | k | |a 18.83 |j Ungarische Sprache und Literatur |0 (DE-627)106423037 |
| 936 | b | k | |a 17.15 |j Historische Linguistik |0 (DE-627)10640489X |
| 936 | b | k | |a 17.06 |j Sprachwissenschaft: Allgemeines |0 (DE-627)106402552 |
| 951 | |a BO | ||
| ELC | |b 1 | ||
| LOK | |0 000 xxxxxcx a22 zn 4500 | ||
| LOK | |0 001 3723018092 | ||
| LOK | |0 003 DE-627 | ||
| LOK | |0 004 018491847 | ||
| LOK | |0 005 20200710090429 | ||
| LOK | |0 008 200710||||||||||||||||ger||||||| | ||
| LOK | |0 035 |a (DE-Tue135)BVBBV008312035 | ||
| LOK | |0 040 |a DE-Tue135 |c DE-627 |d DE-Tue135 | ||
| LOK | |0 092 |o n | ||
| LOK | |0 852 |a DE-Tue135 | ||
| LOK | |0 852 1 |9 00 | ||
| LOK | |0 935 |a bsbo | ||
| LOK | |0 939 |a 10-07-20 |b l01 | ||
| ORI | |a SA-MARC-ixtheoa001.raw | ||
| REL | |a 1 | ||
| STA | 0 | 0 | |a Codex,Codex,Hungarian language,Linguistic monument |
| STB | 0 | 0 | |a Codex,Codex,Hongrois,Monument linguistique |
| STC | 0 | 0 | |a Códice,Códice,Húngaro,Monumento lingüístico |
| STD | 0 | 0 | |a Codice,Codice,Monumento linguistico,Ungherese |
| STE | 0 | 0 | |a 法典 |
| STF | 0 | 0 | |a 匈牙利语会话手册,法典 |
| STG | 0 | 0 | |a Códice,Códice,Húngaro,Monumento linguístico |
| STH | 0 | 0 | |a Венгерский (язык),Кодекс (мотив),Кодекс,Языковой памятник |
| STI | 0 | 0 | |a Γλωσσικό μνημείο,Κωδικός (μοτίβο),Κωδικός,Ουγγρική γλώσσα |
| SUB | |a REL | ||
| SYG | 0 | 0 | |a Dominicus,Sanctus,1170-1221,Domingo,Heiliger,1170-1221,Domenico,Heiliger,1170-1221,Domingo,Santo,1170-1221,Dominique,Saint,1170-1221,Domènec,Sant,1170-1221,Dominikus,von Caleruega,1170-1221,Domingo,da Caleruega,1170-1221,Domenico,di Caleruega,1170-1221,Domingo,de Guzmán,1170-1221,Domenico,de Guzmano,1170-1221,Dominic,de Guzmán,1170-1221,Dominicus,de Guzmán,1170-1221,Dominique,de Guzmán,1170-1221,Guzmán, Domingo de,Heiliger,1170-1221,Guzman, Dominique de,Heiliger,1170-1221 , Sogenanntes Chorbuch des Magisters Nikolaus Leopold aus Innsbruck , Kodex,Codices,Codizes , Magyarisch,Madjarisch,Ungarische Sprache , Sprachdenkmäler |
| TIM | |a 100015170101_100015171231 |b Geschichte 1517 | ||



